Guide to quantum groups

Αποθηκεύτηκε σε:
Λεπτομέρειες βιβλιογραφικής εγγραφής
Κύριος συγγραφέας: Chari, Vyjayanthi
Άλλοι συγγραφείς: Pressley, Andrew
Μορφή: Βιβλίο
Γλώσσα:English
Δημοσίευση: Cambridge : Cambridge University Press, 1998, c1994
Έκδοση:1st ed., Repr.
Θέματα:
Ετικέτες: Προσθήκη ετικέτας
Δεν υπάρχουν, Καταχωρήστε ετικέτα πρώτοι!

MARC

LEADER 00000nam a2200000 i 4500
001 1/75001
008 990526s19941998 eng d
020 |a 0-521-55884-0 
035 |l 10049227 
040 |a GR-MY-UA  |b gre  |e aacr 
041 0 |a eng 
082 0 |a 512.55 
100 1 |a Chari, Vyjayanthi. 
245 1 0 |a Guide to quantum groups /  |c Vyjayanthi Chari, Andrew Pressley 
250 |a 1st ed., Repr. 
260 |a Cambridge :   |b Cambridge University Press,   |c 1998, c1994 
300 |a xv, 651 p.;  |b ill.;  |c 24 cm. 
500 |a Includes bibliographical references and index 
650 0 0 |a Quantum groups. 
650 0 0 |a Mathematical physics. 
700 1 |a Pressley, Andrew. 
852 |a INST  |b SAMOS  |e 19990526  |h 512.55 CHA  |p 005300012898  |q 005300012898  |t BK  |y 0 
901 |a BIBL3-1999-2 
909 |a Σ  |b 063875 
922 |a 3ΕΛΗ  |b 199901  |c ΚΠΣ  |d GLORY 
950 |a 116-1998-08-10